Premier League or EFL & London Underground Station - Statistics

General Stats
  • This quiz has been taken 34 times
    13 since last reset
  • The average score is 21 of 48
Answer Stats
Team or Stadium + League Team/Stadium Station(s) % Correct
Team (PL) Arsenal Arsenal, Woolwich Arsenal
100%
Team (PL) Fulham Fulham Broadway
100%
Team (PL) Tottenham Hotspur South Tottenham, Tottenham Court Road, Tottenham Hale
100%
Team (PL) Crystal Palace Crystal Palace
89%
Team (Ch) Queen's Park Rangers Queen's Park
89%
Team (PL) West Ham West Ham, West Hampstead
89%
Team (Ch) Watford Watford, Watford High Street, Watford Junction
78%
Team (L1) AFC Wimbledon Wimbledon, Wimbledon Park, South Wimbledon
67%
Team (L1) Leyton Orient Leyton, Leytonstone, Leytonstone High Road, Leyton Midland Road
67%
Current Stadium (L1) {London} Road London Bridge, London City Airport, London Fields
67%
Current Stadium (PL) {London} Stadium London Bridge, London City Airport, London Fields
67%
Current Stadium (Ch) The (New) {Den} Camden Town, Camden Road, Harlesden, Kew Gardens, Morden…
67%
Former Stadium (Ch) The (Old) {Den} Camden Town, Camden Road, Harlesden, Kew Gardens, Morden…
67%
Team (L2) Barnet High Barnet
56%
Team (PL) Aston Villa Addington Village
44%
Team (L2) Bromley Bromley-by-Bow
44%
Former Stadium (PL) Highbury (Arsenal) Highbury & Islington
44%
Current Stadium (L2) Highbury (Fleetwood) Highbury & Islington
44%
Team (PL) Liverpool Liverpool Street
44%
Team (PL) Nottingham Forest Forest Hill, Forest Gate
44%
Former Stadium (PL) {Wembley} Stadium North Wembley, Wembley Central, Wembley Park
44%
Team (Ch) West Bromwich Albion West Brompton
44%
Former Stadium (PL) White Hart Lane White Hart Lane
44%
Current Stadium (L1) {Abbey} Stadium Abbey Wood, Abbey Road
33%
Team (L2) Cambridge United Cambridge Heath
33%
Current Stadium (PL) {City} Ground London City Airport, White City
33%
Team (Ch) Oxford United Oxford Circus
33%
Team (L1) Reading Reading
33%
Team (Ch) Stoke City Stoke Newington
33%
Current Stadium (L1) The {Valley} Roding Valley
33%
Former Stadium (Ch) {Victoria} Ground Victoria, Royal Victoria
33%
Former Stadium (PL) {Bank} Street (Lane) Bank
22%
Former Stadium (L1) Elm Park Elm Park
22%
Current Stadium (L2) {Hayes} Lane Hayes & Harlington
22%
Team (Ch) Leicester City Leicester Square
22%
Current Stadium (L2) {Moor} Lane Moor Park, Moorgate
22%
Team (Ch) Preston North End Preston Road
22%
Current Stadium (Ch) {Riverside} Stadium Barking Riverside
22%
Former Stadium (PL) Upton Park Upton Park
22%
Current Stadium (L2) {Vale} Park Perivale, Maida Vale
22%
Current Stadium (PL) {Villa} Park Addington Village
22%
Former Stadium (Ch) {White City} Stadium White City
22%
Current Stadium (Ch) {Home} Park Homerton
11%
Former Stadium (PL) {Hyde} Road Hyde Park Corner
11%
Former Stadium (PL) {Manor} Ground Manor House, Manor Park, Ruislip Manor, Boston Manor
11%
Former Stadium (Ch) {Manor} Ground Manor House, Manor Park, Ruislip Manor, Boston Manor
11%
Current Stadium (L1) St James Park (Exeter) St James's Park
11%
Current Stadium (PL) St James' Park (Newcastle) St James's Park
11%
No matching quizzes found
Score Distribution
Percent of People with Each Score
Percentile by Number Answered
Your Score History
You have not taken this quiz since the last reset